| LEADER | 00870nam a2200205 u 4500 | ||
|---|---|---|---|
| 001 | 10041736 | ||
| 003 | GR-PaULI | ||
| 005 | 20250115115507.0 | ||
| 008 | 011120s1960 gr gre | ||
| 952 | |0 0 |1 0 |2 ddc |4 0 |6 340_100000000000000_ΤΣΑ |7 0 |9 230287 |a LISP |b LISP |c BSC |d 2019-02-22 |i 2324 |l 0 |o 340.1 ΤΣΑ |p 025000260523 |r 2019-02-22 00:00:00 |t 1 |v 2019.00 |w 2019-02-22 |y BK15 | ||
| 999 | |c 139858 |d 139858 | ||
| 040 | |a GR-PaULI |c GR-PaULI |b gre |e AACR2 | ||
| 082 | 0 | 4 | |a 340.1 |2 23 |
| 100 | 1 | |a Τσάτσος, Κωνσταντίνος, |d 1899-1987 |e συγγραφέας. |9 164269 | |
| 245 | 1 | 0 | |a Μελέται φιλοσοφίας του δικαίου / |b |c Κωνσταντίνου Τσάτσου. |
| 260 | |a Αθήνα : |b Ίκαρος, |c [1960?]. | ||
| 300 | |a 239 σ. ; |c 24 εκ. | ||
| 650 | 4 | |a Δίκαιο |9 3639 |x Φιλοσοφία | |
| 942 | |2 ddc |c BK15 | ||
| 998 | |c ΜΠΟΥΡΑΣ |d 2019-01 | ||